| 000 | 00736nam a2200205 a 4500 | ||
|---|---|---|---|
| 003 | 0 | ||
| 005 | 20250228145135.0 | ||
| 008 | 100902s19uu xx 00 eng d | ||
| 050 |
_aPGS BF 723.F7 _b.En59 2010 |
||
| 100 | _aEnomoto, Saki L. | ||
| 245 |
_aAttitude towards friends among SISC students / _cSaki L. Enomoto. |
||
| 260 |
_aLas PiƱas City, Philippines : _bSouthville International School and Colleges, _c2010. |
||
| 300 |
_a18 pages : _billustrations : _c28 cm. |
||
| 504 | _aIncludes bibliographical references. | ||
| 650 | _aFriendship in children. | ||
| 650 | _aPeer relationships in children. | ||
| 650 | _aAttitude (Psychology) in children. | ||
| 650 | _aInterpersonal relations in children. | ||
| 942 |
_2lcc _cPASS |
||
| 999 |
_c98334 _d98334 |
||